|
|
|
|
| LEADER |
00000naa2a2200000 4500 |
| 001 |
384973 |
| 005 |
20231101063320.0 |
| 035 |
|
|
|a (RuTPU)RU\TPU\prd\12263
|
| 090 |
|
|
|a 384973
|
| 100 |
|
|
|a 20030401a2003 k y0rusy50 ca
|
| 101 |
0 |
|
|a rus
|
| 102 |
|
|
|a RU
|
| 200 |
1 |
|
|a Кобальт. Технические условия по ГОСТ 123-98
|
| 225 |
1 |
|
|a Материалы. Зарубежные аналоги
|
| 461 |
|
1 |
|0 (RuTPU)RU\TPU\prd\1723
|x 0203-347X
|t Справочник. Инженерный журнал
|o научно-технический и производственный журнал
|d 2000-
|
| 463 |
|
1 |
|0 (RuTPU)RU\TPU\prd\12113
|t № 2
|v С. 8-10
|d 2003
|
| 610 |
1 |
|
|a кобальт
|
| 610 |
1 |
|
|a технические условия
|
| 610 |
1 |
|
|a стандарты
|
| 801 |
|
1 |
|a RU
|b 63413507
|c 20030401
|g PSBO
|
| 801 |
|
2 |
|a RU
|b 63413507
|c 20140115
|g RCR
|
| 942 |
|
|
|c BK
|